| 000 | 00857nam a22002897a 4500 | ||
|---|---|---|---|
| 001 | 9666 | ||
| 003 | FISKH | ||
| 005 | 20260428101109.0 | ||
| 008 | 260128b cb ||||| |||| 00| 0 eng d | ||
| 020 | _a9780462001081 | ||
| 040 |
_aFISKH _beng _cFISKH _dFISKH |
||
| 050 | _aPZ7 | ||
| 082 | _a372.6 | ||
| 100 |
_aJohn, Victoria St _eAuthor |
||
| 245 |
_aRobots you can make / _cWritten and photographed by Victoria St John |
||
| 260 |
_aSingapore : _bMarshall Cavendish International , _c2008 |
||
| 300 |
_a16 pages : _bphotographs ; _c19 cm |
||
| 490 |
_aMy pals are here! : _v12d |
||
| 505 | _aJ | ||
| 520 | _aYou can make new things from old things. | ||
| 521 | 8 |
_a500
_bLexile estimate |
|
| 521 | 8 |
_aJ
_bRaz-Plus |
|
| 650 |
_aRobots _vInstructions |
||
| 700 |
_aJohn, Victoria St _ePhotographer |
||
| 942 |
_2ddc _cBK _n0 |
||
| 999 |
_c9666 _d9666 |
||